000 00528nam a2200181 i 4500
001 91830
003 ES-MaACL
005 20230906180829.0
007 t|
008 050222s1998 sp ||||1| spa d
020 _a84-7221-403-6
080 _a821.134.2-92"19"
100 1 _aRozalén Medina, José L.
_9100248
245 1 3 _aEl ojo de papel
_b: (saber mirar... saber vivir) /
_cJosé Luis Rozalén Medina.
260 _aMadrid :
_bSan Pío X,
_c[1998]
300 _a359 p. ;
_c21 cm.
852 _aES-MaACL
_jL-28885
_bR.135257
999 _c91830
_d91830